| 000 | 01653nam a2200421 a 4500 | ||
|---|---|---|---|
| 001 | ebr10443350 | ||
| 003 | CaPaEBR | ||
| 006 | m u | ||
| 007 | cr cn||||||||| | ||
| 008 | 100528s2010 inu sb 001 0 eng d | ||
| 010 | _z 2010020228 | ||
| 020 | _z9780253355577 (cloth : alk. paper) | ||
| 020 | _z9780253222619 (pbk. : alk. paper) | ||
| 020 | _z9780253005021 (e-book) | ||
| 040 |
_aCaPaEBR _cCaPaEBR |
||
| 035 | _a(OCoLC)703155188 | ||
| 043 | _ae-bu--- | ||
| 050 | 1 | 4 |
_aGN585.B9 _bC74 2010eb |
| 082 | 0 | 4 |
_a306.409499 _222 |
| 100 | 1 |
_aCreed, Gerald W., _d1958- |
|
| 245 | 1 | 0 |
_aMasquerade and postsocialism _h[electronic resource] : _britual and cultural dispossession in Bulgaria / _cGerald W. Creed. |
| 260 |
_aBloomington : _bIndiana University Press, _c2010. |
||
| 300 | _axi, 254 p. | ||
| 490 | 1 | _aNew anthropologies of Europe | |
| 504 | _aIncludes bibliographical references and index. | ||
| 533 |
_aElectronic reproduction. _bPalo Alto, Calif. : _cebrary, _d2011. _nAvailable via World Wide Web. _nAccess may be limited to ebrary affiliated libraries. |
||
| 650 | 0 |
_aRites and ceremonies _zBulgaria. |
|
| 650 | 0 |
_aMumming _zBulgaria. |
|
| 650 | 0 |
_aMasquerades _zBulgaria. |
|
| 650 | 0 |
_aPost-communism _zBulgaria. |
|
| 650 | 0 | _aNational characteristics, Bulgarian. | |
| 651 | 0 |
_aBulgaria _xPolitics and government. |
|
| 651 | 0 |
_aBulgaria _xSocial life and customs. |
|
| 655 | 7 |
_aElectronic books. _2local |
|
| 710 | 2 | _aebrary, Inc. | |
| 830 | 0 | _aNew anthropologies of Europe. | |
| 856 | 4 | 0 |
_uhttp://site.ebrary.com/lib/rucke/Doc?id=10443350 _zAn electronic book accessible through the World Wide Web; click to view |
| 999 |
_c135704 _d135704 |
||